Ciudad de México (Record no. 1264)

MARC details
000 -CABECERA
campo de control de longitud fija 00659nam a2200205 a 4500
001 - NÚMERO DE CONTROL
campo de control BRCA_1402
005 - FECHA Y HORA DE LA ÚLTIMA TRANSACCIÓN
campo de control 20190320203419.0
008 - DATOS DE LONGITUD FIJA--INFORMACIÓN GENERAL
campo de control de longitud fija 900806s1990 sp-a---##b---#001-0#spa-#
020 ## - NÚMERO INTERNACIONAL ESTÁNDAR DEL LIBRO
Número Internacional Estándar del Libro 9684062176
050 #4 - SIGNATURA TOPOGRÁFICA DE LA BIBLIOTECA DEL CONGRESO
Número de clasificación F1386.3
Número de documento/Ítem .L83 1990
100 1# - ENTRADA PRINCIPAL--NOMBRE DE PERSONA
Nombre de persona Luca de Tena, Torcuato
9 (RLIN) 4586
245 10 - MENCIÓN DE TÍTULO
Título Ciudad de México
Resto del título en tiempos de Maximiliano
Mención de responsabilidad, etc. Torcuato Luca de Tena.
260 ## - PUBLICACIÓN, DISTRIBUCIÓN, ETC.
Lugar de publicación, distribución, etc. México
Nombre del editor, distribuidor, etc. Planeta
Fecha de publicación, distribución, etc. 1990
300 ## - DESCRIPCIÓN FÍSICA
Extensión 183 p.
Otras características físicas il. (algunas a color)
Dimensiones 21 cm.
440 #0 - MENCIÓN DE SERIE/PUNTO DE ACCESO ADICIONAL--TÍTULO
Título Ciudades en la historia
9 (RLIN) 4587
500 ## - NOTA GENERAL
Nota general Incluye índice de nombres y apéndices
504 ## - NOTA DE BIBLIOGRAFÍA, ETC.
Nota de bibliografía, etc. Bibliografía: p. 174-176.
651 #4 - PUNTO DE ACCESO ADICIONAL DE MATERIA--NOMBRE GEOGRÁFICO
Nombre geográfico Ciudad de México
Subdivisión general Historia
9 (RLIN) 691
942 ## - ELEMENTOS DE PUNTO DE ACCESO ADICIONAL (KOHA)
Fuente del sistema de clasificación o colocación Library of Congress Classification
Tipo de ítem Koha Libros
Holdings
Estado de retiro Estado de pérdida Estado dañado No para préstamo Localización permanente Ubicación/localización actual Fecha de adquisición Total de préstamos Signatura topográfica completa Código de barras Fecha visto por última vez Precio válido a partir de Tipo de ítem Koha
El ejemplar forma parte de la colección y puede ser consultado según las políticas vigentes.       Biblioteca del Museo Franz Mayer (Rogerio Casas-Alatriste) Biblioteca del Museo Franz Mayer (Rogerio Casas-Alatriste) 26/06/2008   F1386.3 .L83 1990 01924 22/03/2019 22/03/2019 Libros